UBT Library

TH ECONOMIC PROBLEM (Record no. 43205)

000 -LEADER
fixed length control field 00830cam a2200265 a 4500
001 - CONTROL NUMBER
control field 15373932
005 - DATE AND TIME OF LATEST TRANSACTION
control field 20180222081541.0
008 - FIXED-LENGTH DATA ELEMENTS--GENERAL INFORMATION
fixed length control field 080721s2009 njua b 001 0 eng
010 ## - LIBRARY OF CONGRESS CONTROL NUMBER
LC control number 2008031127
020 ## - INTERNATIONAL STANDARD BOOK NUMBER
International Standard Book Number 9780136055488 (pbk.)
020 ## - INTERNATIONAL STANDARD BOOK NUMBER
International Standard Book Number 0136055486 (pbk.)
035 ## - SYSTEM CONTROL NUMBER
System control number (OCoLC)ocn231588868
040 ## - CATALOGING SOURCE
Original cataloging agency DLC
Transcribing agency DLC
Modifying agency YDX
-- BTCTA
-- BAKER
-- YDXCP
-- NLGGC
-- TXA
-- MEAUC
-- DLC
041 ## - LANGUAGE CODE
Language code of text/sound track or separate title eng
080 ## - UNIVERSAL DECIMAL CLASSIFICATION NUMBER
Universal Decimal Classification number 330 HEI
082 00 - DEWEY DECIMAL CLASSIFICATION NUMBER
Classification number 330 HEI
Edition number 22
084 ## - OTHER CLASSIFICATION NUMBER
Classification number 83.00
Source of number bcl
100 1# - Rafti
Rafti 52
101 ## - Shkurtesa
Shkurtesa ECO
245 10 - TITLE STATEMENT
Title TH ECONOMIC PROBLEM
Statement of responsibility, etc ROBERT.L.HEILBRONER
504 ## - BIBLIOGRAPHY, ETC. NOTE
Bibliography, etc Includes bibliographical references and index.
906 ## - LOCAL DATA ELEMENT F, LDF (RLIN)
a 7
b cbc
c orignew
d 1
e ecip
f 20
g y-gencatlg
942 ## - ADDED ENTRY ELEMENTS (KOHA)
Source of classification or shelving scheme
Item type Books
Holdings
Withdrawn status Lost status Source of classification or shelving scheme Damaged status Not for loan Collection code Permanent location Current location Shelving location Date acquired Total Checkouts Full call number Barcode Date last seen Price effective from Koha item type
          Koleksioni i përgjithshem UBT - Lipjan UBT - Lipjan Koleksioni i përgjithshem 02/22/2018   330 HEI 002-2999747 02/22/2018 02/22/2018 Books
UBT Library © 2015-2024. All rights reserved University Education for Business and Technology